[Event "GER-ch Net final U25"]
[Site "Playchess.com INT"]
[Date "2011.05.18"]
[Round "7"]
[White "Barbanera, Fabrizio"]
[Black "Rosner, Jonas"]
[Result "0-1"]
[WhiteElo "1904"]
[BlackElo "2240"]
[PlyCount "56"]
[EventDate "2011.05.18"]
[EventType "swiss (blitz)"]
[EventRounds "9"]
[EventCountry "GER"]
[SourceTitle "CBM 142 Extra"]
[Source "ChessBase"]
[SourceDate "2011.06.27"]
[SourceVersion "1"]
[SourceVersionDate "2011.06.27"]
[SourceQuality "1"]

1. e4 c5 2. c3 d5 3. exd5 Qxd5 4. d4 cxd4 5. cxd4 Nc6 6. Nf3 Bg4 7. Be2 Nf6 8. Nc3 Qd6 9. Be3 e6 10. h3 Bh5 11. 0-0 Be7 12. Qb3 0-0 13. Rfd1 Rfd8 14. Rd2 a6 15. Rad1 Nd5 16. a3 b5 17. Ne4 Qc7 18. Rc2 Rac8 19. Rdc1 Qb7 20. Rxc6 Rxc6 21. Rxc6 Bxf3 22. Bxf3 Qxc6 23. g3 Qc4 24. Qd1 e5 25. b3 Qc7 26. b4 Nxe3 27. fxe3 exd4 28. exd4 f5 0-1

[Event "GER-ch Net qual2 U25"]
[Site "Playchess.com INT"]
[Date "2011.05.04"]
[Round "1"]
[White "Barbanera, Fabrizio"]
[Black "Kim, Oi Sin"]
[Result "1-0"]
[WhiteElo "1876"]
[BlackElo "2234"]
[PlyCount "111"]
[EventDate "2011.05.04"]
[EventType "swiss (blitz)"]
[EventRounds "7"]
[EventCountry "GER"]
[SourceTitle "CBM 142 Extra"]
[Source "ChessBase"]
[SourceDate "2011.06.27"]
[SourceVersion "1"]
[SourceVersionDate "2011.06.27"]
[SourceQuality "1"]

1. e4 e5 2. Nf3 Nc6 3. Bc4 Bc5 4. 0-0 Nf6 5. d4 exd4 6. e5 Ng8 7. c3 dxc3 8. Bxf7+ Kxf7 9. Qd5+ Kf8 10. Qxc5+ Qe7 11. Qxc3 Qb4 12. Qc2 Nge7 13. Nc3 h6 14. a3 Qg4 15. h3 Qf5 16. Qxf5+ Nxf5 17. Nd5 a6 18. Nxc7 Rb8 19. Nd5 b5 20. Bf4 g5 21. Bh2 Bb7 22. Rad1 Rd8 23. Nf6 Ke7 24. Rfe1 Kf7 25. Nxd7 Ng7 26. Nc5 Bc8 27. b4 Ne6 28. Nxe6 Bxe6 29. Rd6 Rxd6 30. exd6 Rd8 31. Rc1 Bc4 32. Re1 Ra8 33. Ne5+ Nxe5 34. Rxe5 Ra7 35. f4 Rd7 36. fxg5 hxg5 37. Rxg5 Kf6 38. Rc5 Ke6 39. Rc7 Rd8 40. Kf2 Bd5 41. g4 Rh8 42. Kg3 Rf8 43. Kh4 Rf3 44. Re7+ Kf6 45. Re8 Kf7 46. d7 Bc6 47. d8Q Bxe8 48. Qd5+ Ke7 49. Qxf3 Kd8 50. Qf5 Bd7 51. Qf6+ Kc8 52. Qd6 Kd8 53. Be5 Ke8 54. Bf6 Kf7 55. Qe7+ Kg6 56. Qg7# 1-0

[Event "GER-chT U20"]
[Site "Osnabrueck"]
[Date "2010.12.30"]
[Round "7.1"]
[White "Neukoetter, Max"]
[Black "Barbanera, Fabrizio"]
[Result "0-1"]
[WhiteElo "1995"]
[BlackElo "2052"]
[PlyCount "110"]
[EventDate "2010.12.27"]
[EventType "team-swiss"]
[EventRounds "7"]
[EventCountry "GER"]
[SourceTitle "CBM 140 Extra"]
[Source "ChessBase"]
[SourceDate "2011.03.01"]
[SourceVersion "1"]
[SourceVersionDate "2011.03.01"]
[SourceQuality "1"]
[WhiteTeam "Paderborn Schachfreunde"]
[BlackTeam "Neumuehl"]
[WhiteTeamCountry "GER"]
[BlackTeamCountry "GER"]

1. e4 e6 2. d4 d5 3. Nd2 Nc6 4. c3 e5 5. exd5 Qxd5 6. Qe2 Be6 7. Ngf3 exd4 8. cxd4 0-0-0 9. Qb5 Qxb5 10. Bxb5 Nxd4 11. Nxd4 Rxd4 12. 0-0 c6 13. Be2 Nf6 14. Nf3 Rd8 15. a3 Bd6 16. b4 Rhe8 17. Re1 Bd5 18. Bb2 Re7 19. Bf1 Rxe1 20. Rxe1 Re8 21. Rd1 Kc7 22. Bd3 Bxf3 23. gxf3 Be5 24. Bc1 Nd5 25. Kg2 g6 26. b5 Rd8 27. Re1 f6 28. bxc6 bxc6 29. Bc2 Rd7 30. Re4 Nb6 31. f4 Bd6 32. f5 g5 33. Bb2 Nd5 34. Bb3 Nf4+ 35. Kf3 Be7 36. a4 Rd3+ 37. Re3 Rxe3+ 38. fxe3 Nd3 39. Bd4 Nc5 40. Bc2 h5 41. e4 Kd6 42. Ke3 a5 43. Bd1 h4 44. Bc2 Bd8 45. Ke2 Nd7 46. Bb3 Bb6 47. Bc3 Ne5 48. h3 Bc7 49. Ke3 Bb6+ 50. Ke2 g4 51. hxg4 h3 52. Kf1 Nxg4 53. Ba1 h2 54. Kg2 Bg1 55. e5+ fxe5 0-1

[Event "GER-chT U20"]
[Site "Osnabrueck"]
[Date "2010.12.29"]
[Round "6.1"]
[White "Barbanera, Fabrizio"]
[Black "Moeller, Jeremy"]
[Result "1-0"]
[WhiteElo "2052"]
[BlackElo "1810"]
[PlyCount "73"]
[EventDate "2010.12.27"]
[EventType "team-swiss"]
[EventRounds "7"]
[EventCountry "GER"]
[SourceTitle "CBM 140 Extra"]
[Source "ChessBase"]
[SourceDate "2011.03.01"]
[SourceVersion "1"]
[SourceVersionDate "2011.03.01"]
[SourceQuality "1"]
[WhiteTeam "Neumuehl"]
[BlackTeam "Bendorf"]
[WhiteTeamCountry "GER"]
[BlackTeamCountry "GER"]

1. e4 e5 2. Nf3 f5 3. Nxe5 Qf6 4. d4 d6 5. Nc4 fxe4 6. Nc3 Qg6 7. Qe2 Nf6 8. Bf4 Be7 9. 0-0-0 0-0 10. h3 a6 11. Bh2 b5 12. Nd2 Bb7 13. f3 e3 14. Qxe3 b4 15. Qe6+ Kh8 16. Bd3 Qe8 17. Nce4 Nbd7 18. Rhe1 Nd5 19. c4 bxc3 20. Nxc3 N7f6 21. Nde4 Nxc3 22. Nxc3 Qc6 23. Qf5 Bc8 24. Qa5 Bd8 25. Kb1 Rb8 26. Qa3 Nd5 27. Nxd5 Qxd5 28. Be4 Bf5 29. Bxf5 Qxf5+ 30. Qd3 Qd5 31. Bg1 Bf6 32. Qc2 Rb4 33. b3 Rfb8 34. Qe4 Rxb3+ 35. Ka1 Rb1+ 36. Rxb1 Bxd4+ 37. Bxd4 1-0

[Event "GER-chT U20"]
[Site "Osnabrueck"]
[Date "2010.12.28"]
[Round "4.1"]
[White "Fuhrmann, Max"]
[Black "Barbanera, Fabrizio"]
[Result "1/2-1/2"]
[WhiteElo "2067"]
[BlackElo "2052"]
[PlyCount "54"]
[EventDate "2010.12.27"]
[EventType "team-swiss"]
[EventRounds "7"]
[EventCountry "GER"]
[SourceTitle "CBM 140 Extra"]
[Source "ChessBase"]
[SourceDate "2011.03.01"]
[SourceVersion "1"]
[SourceVersionDate "2011.03.01"]
[SourceQuality "1"]
[WhiteTeam "Kelheim"]
[BlackTeam "Neumuehl"]
[WhiteTeamCountry "GER"]
[BlackTeamCountry "GER"]

1. e4 e6 2. d4 d5 3. Nc3 Bb4 4. exd5 exd5 5. Bd3 c6 6. Nf3 Ne7 7. 0-0 0-0 8. Ne2 Bf5 9. Ng3 Bxd3 10. Qxd3 Qd7 11. Ne5 Qc8 12. Bf4 f6 13. Nf3 Ng6 14. Bd2 Bxd2 15. Qxd2 Na6 16. Rae1 Qd7 17. h4 Nh8 18. c3 Nc7 19. h5 Nf7 20. Qf4 Qd6 21. Qxd6 Nxd6 22. Re2 Rf7 23. Rfe1 Re8 24. Rxe8+ Ncxe8 25. Nh4 Rd7 26. Nhf5 Kf7 27. f3 Nxf5 1/2-1/2

[Event "Wasselonne op"]
[Site "Wasselonne"]
[Date "2009.08.06"]
[Round "1"]
[White "Turini, Gianluca"]
[Black "Barbanera, Fabrizio"]
[Result "0-1"]
[WhiteElo "1760"]
[BlackElo "2145"]
[PlyCount "59"]
[EventDate "2009.08.06"]
[EventType "swiss"]
[EventRounds "7"]
[EventCountry "FRA"]
[SourceTitle "EXT 2011"]
[Source "ChessBase"]
[SourceDate "2010.11.26"]
[SourceVersion "1"]
[SourceVersionDate "2010.11.26"]
[SourceQuality "1"]

1. d4 Nf6 2. c4 e5 3. e3 exd4 4. exd4 d5 5. Nc3 c6 6. a3 Be7 7. Nf3 0-0 8. h3 Re8 9. Be3 Bd6 10. cxd5 Nxd5 11. Nxd5 cxd5 12. Bd3 Nc6 13. 0-0 h6 14. Nh2 Qh4 15. Nf3 Qf6 16. Bc2 Ne7 17. Nh2 Bf5 18. Bxf5 Bxh2+ 19. Kxh2 Nxf5 20. Qd3 Re4 21. Rad1 Rae8 22. Rfe1 Qd6+ 23. g3 Qe6 24. Bd2 Qf6 25. Rxe4 dxe4 26. Qb5 Re6 27. d5 Nd4 28. Qf1 Rd6 29. Bc3 Rxd5 30. Qg2 0-1

[Event "Baden-ch op"]
[Site "Badenweiler"]
[Date "2009.06.05"]
[Round "6"]
[White "Barbanera, Fabrizio"]
[Black "Gorse, Gerard"]
[Result "1-0"]
[WhiteElo "2010"]
[BlackElo "2034"]
[PlyCount "75"]
[EventDate "2009.06.01"]
[EventType "swiss"]
[EventRounds "9"]
[EventCountry "GER"]
[SourceTitle "EXT 2010"]
[Source "ChessBase"]
[SourceDate "2010.11.25"]
[SourceVersion "1"]
[SourceVersionDate "2010.11.25"]
[SourceQuality "1"]

1. e4 c5 2. d4 cxd4 3. c3 Nf6 4. e5 Nd5 5. Nf3 Nc6 6. cxd4 d6 7. Bc4 dxe5 8. Nxe5 e6 9. 0-0 Be7 10. Nxc6 bxc6 11. Nc3 0-0 12. Qe2 Bf6 13. Rd1 Nxc3 14. bxc3 Qa5 15. Bd2 e5 16. Bd3 exd4 17. cxd4 Qd5 18. Be4 Qxd4 19. Bf4 Qa4 20. Rac1 Ba6 21. Qf3 Rad8 22. Re1 c5 23. h4 Bd4 24. Bd5 Qd7 25. Bb3 Bb7 26. Qh5 Kh8 27. Rcd1 Bd5 28. Bc2 f5 29. g4 Be4 30. Rxe4 fxe4 31. Bxe4 g6 32. Qg5 Qf7 33. Rxd4 cxd4 34. Bg3 d3 35. h5 Rde8 36. Bxd3 Qf6 37. Qh6 g5 38. Qxh7# 1-0

[Event "Baden-ch U18/20"]
[Site "Schoeneck"]
[Date "2009.01.03"]
[Round "2"]
[White "Fiderer, Lukas"]
[Black "Barbanera, Fabrizio"]
[Result "1/2-1/2"]
[WhiteElo "2140"]
[BlackElo "1930"]
[PlyCount "53"]
[EventDate "2009.01.02"]
[EventType "swiss"]
[EventRounds "7"]
[EventCountry "GER"]
[SourceTitle "EXT 2010"]
[Source "ChessBase"]
[SourceDate "2010.11.25"]
[SourceVersion "1"]
[SourceVersionDate "2010.11.25"]
[SourceQuality "1"]

1. e4 e6 2. d4 d5 3. Nc3 Bb4 4. e5 c5 5. a3 Bxc3+ 6. bxc3 Ne7 7. h4 Nbc6 8. h5 h6 9. Nf3 Qa5 10. Bd2 Bd7 11. Rb1 0-0-0 12. Rb5 Qxa3 13. Qb1 c4 14. Rxb7 Qa6 15. Rb2 Kc7 16. Ra2 Qb6 17. Qa1 Rb8 18. Bc1 Rb7 19. Kd2 f6 20. Rb2 Qa5 21. Ra2 Qb6 22. Ba3 Nc8 23. Rb2 Qa5 24. Be2 Rxb2 25. Qxb2 fxe5 26. Nxe5 Nxe5 27. dxe5 1/2-1/2

[Event "Baden-ch U18/20"]
[Site "Schoeneck"]
[Date "2009.01.02"]
[Round "1"]
[White "Barbanera, Fabrizio"]
[Black "Warthmann, Alexander"]
[Result "1-0"]
[WhiteElo "1930"]
[BlackElo "1598"]
[PlyCount "148"]
[EventDate "2009.01.02"]
[EventType "swiss"]
[EventRounds "7"]
[EventCountry "GER"]
[SourceTitle "EXT 2010"]
[Source "ChessBase"]
[SourceDate "2010.11.25"]
[SourceVersion "1"]
[SourceVersionDate "2010.11.25"]
[SourceQuality "1"]

1. e4 e5 2. Nf3 Nc6 3. Bc4 Nf6 4. d4 exd4 5. 0-0 d6 6. Nxd4 Ne5 7. Bb3 Be7 8. Re1 0-0 9. c3 c5 10. Nf3 Bg4 11. Bf4 Bxf3 12. gxf3 c4 13. Bxe5 cxb3 14. Bxf6 bxa2 15. Bxe7 axb1Q 16. Bxd8 Qxd1 17. Rexd1 Rfxd8 18. Ra5 Kf8 19. Kf1 b6 20. Rad5 Ke7 21. Ke2 a5 22. Rb5 Ra6 23. Rbd5 Raa8 24. Rb5 Ra6 25. Rd4 Rc8 26. Kd3 Rc5 27. Rd5 a4 28. Rbxc5 dxc5 29. Kc4 a3 30. bxa3 Rxa3 31. Rd2 Ke6 32. Rb2 Ra5 33. Kd3 Ra6 34. f4 Kd6 35. f5 Ke5 36. Ke3 Ra4 37. f4+ Kd6 38. Rxb6+ Kc7 39. Rb2 Ra3 40. Kd3 Ra1 41. Rg2 g6 42. fxg6 hxg6 43. Rf2 Rd1+ 44. Ke2 Ra1 45. f5 gxf5 46. Rxf5 Ra2+ 47. Kd3 Rxh2 48. Rxf7+ Kd6 49. Rf6+ Ke5 50. Rf5+ Kd6 51. Rd5+ Kc6 52. Kc4 Rh4 53. Rxc5+ Kd6 54. Rd5+ Ke6 55. Kd4 Rh1 56. c4 Rd1+ 57. Kc5 Re1 58. Rd4 Ke5 59. Rd8 Re2 60. Re8+ Kf6 61. Kd6 Kf7 62. Re5 Rd2+ 63. Rd5 Ra2 64. c5 Ke8 65. c6 Kd8 66. e5 Ra7 67. Rb5 Rd7+ 68. Kc5 Rd2 69. Rb4 Kc7 70. Rb7+ Kd8 71. e6 Rc2+ 72. Kb6 Rb2+ 73. Ka7 Re2 74. Kb8 Rxe6 1-0

[Event "Baden-ch HT1"]
[Site "Oberwinden"]
[Date "2007.04.08"]
[Round "4"]
[White "Maier, Maximilian"]
[Black "Barbanera, Fabrizio"]
[Result "1/2-1/2"]
[WhiteElo "1667"]
[BlackElo "1621"]
[PlyCount "74"]
[EventDate "2007.04.06"]
[EventType "swiss"]
[EventRounds "11"]
[EventCountry "GER"]
[SourceTitle "CBM 117 Extra"]
[Source "ChessBase"]
[SourceDate "2007.05.09"]
[SourceVersion "1"]
[SourceVersionDate "2007.05.09"]
[SourceQuality "1"]

1. d4 e6 2. c4 d5 3. Nc3 Nf6 4. Bg5 Be7 5. e3 0-0 6. Nf3 Nbd7 7. cxd5 exd5 8. Bd3 c6 9. 0-0 Re8 10. Rb1 h6 11. Bh4 Ne4 12. Bxe7 Qxe7 13. Qc2 Ndf6 14. b4 Bd7 15. Rfc1 a6 16. a4 Rac8 17. Qb2 b5 18. Ra1 Qf8 19. Ne5 Nd6 20. axb5 axb5 21. Ra7 Re7 22. Rca1 Be8 23. Nb1 Rcc7 24. Ra8 Nd7 25. Nxd7 Rexd7 26. Nd2 Qe7 27. Qa3 Nc4 28. Bxc4 bxc4 29. Nb1 f6 30. Nc3 Kh7 31. Ra6 Rb7 32. Rxc6 Qxb4 33. Qxb4 Rxb4 34. Rc5 Bf7 35. g3 Rb8 36. Raa5 Rbd8 37. Kg2 Rd6 1/2-1/2

[Event "Baden-ch HT1"]
[Site "Oberwinden"]
[Date "2007.04.07"]
[Round "2"]
[White "Jahn, Claudio"]
[Black "Barbanera, Fabrizio"]
[Result "0-1"]
[WhiteElo "1865"]
[BlackElo "1621"]
[PlyCount "148"]
[EventDate "2007.04.06"]
[EventType "swiss"]
[EventRounds "11"]
[EventCountry "GER"]
[SourceTitle "CBM 117 Extra"]
[Source "ChessBase"]
[SourceDate "2007.05.09"]
[SourceVersion "1"]
[SourceVersionDate "2007.05.09"]
[SourceQuality "1"]

1. e4 e6 2. Nf3 d5 3. exd5 exd5 4. d4 Bd6 5. Nc3 c6 6. Bd3 Ne7 7. Be3 Bf5 8. h3 Nd7 9. g4 Bxd3 10. Qxd3 Qc7 11. 0-0-0 h6 12. Rhe1 0-0-0 13. Kb1 Rde8 14. Re2 Ng6 15. Rde1 Nf6 16. Ne5 Bxe5 17. dxe5 Nxe5 18. Qf5+ Qd7 19. Qxd7+ Nexd7 20. Bxa7 b6 21. Na4 Rxe2 22. Rxe2 Kb7 23. Bxb6 Nxb6 24. Re7+ Ka6 25. Nc5+ Kb5 26. Nd3 Rf8 27. b3 Nbd7 28. Kb2 Kb6 29. b4 Kc7 30. f3 Kd6 31. Re2 Re8 32. Rf2 Ne5 33. Nxe5 Rxe5 34. a4 Ne8 35. Kb3 Nc7 36. h4 Re3+ 37. Kb2 d4 38. f4 Nd5 39. b5 cxb5 40. axb5 Nc3 41. Rd2 Nxb5 42. c4 Nc7 43. Rxd4+ Kc6 44. f5 Re7 45. Kc3 Kc5 46. Kd3 Re1 47. Rf4 Ne8 48. g5 hxg5 49. hxg5 Nd6 50. g6 f6 51. Rh4 Nxf5 52. Rh8 Re3+ 53. Kd2 Kxc4 54. Rg8 Rg3 55. Ra8 Kd5 56. Ke2 Ke5 57. Kf2 Rxg6 58. Kf3 Rg3+ 59. Kf2 Kf4 60. Ra4+ Kg5 61. Ra5 Rc3 62. Rb5 g6 63. Ra5 Rc4 64. Kf3 Rf4+ 65. Kg2 Kg4 66. Rb5 Ne3+ 67. Kg1 Kg3 68. Rb1 Rf1+ 69. Rxf1 Nxf1 70. Kxf1 f5 71. Kg1 f4 72. Kf1 f3 73. Kg1 f2+ 74. Kf1 g5 0-1